000 00516nam a22001937a 4500
003 MPLRDC
005 20220104201503.0
008 210129b ||||| |||| 00| 0 eng d
020 _aISSN1823-9897
082 _a050.9 SH v.64
100 _a林惠霞 总编辑
245 _a家 V.64 04/2017
_c
250 _a初版
260 _a马来西亚
_bNANYANG PRESS HOLDINGS BERHAD
_c2017
300 _b
520 _a上架 2017-05-09。
650 _a期刊--家双月刊 SWEET HOME
942 _cMGZ
_o050.9 SH v.64
999 _c67198
_d67188